La fundamentación de la pena y los casos de las personas vinculadas al proceso penal de manera primaria u ocasional. La solución recomendada por la dogmática y la jurisprudencia / (Registro nro. 6442)
[ vista simple ]
| 000 -LEADER | |
|---|---|
| fixed length control field | 01300nab a22002297a 4500 |
| 003 - CONTROL NUMBER IDENTIFIER | |
| control field | OSt |
| 005 - DATE AND TIME OF LATEST TRANSACTION | |
| control field | 20260204094744.0 |
| 008 - FIXED-LENGTH DATA ELEMENTS--GENERAL INFORMATION | |
| fixed length control field | 190429b xxu||||| |||| 00| 0 spa d |
| 040 ## - CATALOGING SOURCE | |
| Transcribing agency | PJ |
| 100 ## - MAIN ENTRY--PERSONAL NAME | |
| 9 (RLIN) | 5734 |
| Personal name | Valotta, Agustín M. |
| 245 13 - TITLE STATEMENT | |
| Title | La fundamentación de la pena y los casos de las personas vinculadas al proceso penal de manera primaria u ocasional. La solución recomendada por la dogmática y la jurisprudencia / |
| Statement of responsibility, etc | Agustín M. Valotta. |
| 260 ## - PUBLICATION, DISTRIBUTION, ETC. (IMPRINT) | |
| Date of publication, distribution, etc | Ciudad Autónoma de Buenos Aires : |
| Place of publication, distribution, etc | Thomson Reuters La Ley, |
| Name of publisher, distributor, etc | 2024. |
| 300 ## - PHYSICAL DESCRIPTION | |
| Extent | p. 87-94 |
| 500 ## - GENERAL NOTE | |
| General note | Cita Online: AR/DOC/2396/2024. |
| 505 ## - FORMATTED CONTENTS NOTE | |
| Formatted contents note | Sumario: I. Presentación.— II. Introducción: la significación e importancia que merece la fundamentación de la pena.— III. Las razones suficientes que se sostienen a partir de los antecedentes de justificación necesaria.— IV. Consideraciones finales.— V. Fuentes de la investigación.<br/><br/> |
| 505 ## - FORMATTED CONTENTS NOTE | |
| Title | Si te interesa el texto completo, solicitalo a koha@justierradelfuego.gov.ar |
| 650 #0 - SUBJECT ADDED ENTRY--TOPICAL TERM | |
| 9 (RLIN) | 343 |
| Topical term or geographic name as entry element | DERECHO PENAL |
| 650 #0 - SUBJECT ADDED ENTRY--TOPICAL TERM | |
| 9 (RLIN) | 193 |
| Topical term or geographic name as entry element | PENA |
| 650 #0 - SUBJECT ADDED ENTRY--TOPICAL TERM | |
| 9 (RLIN) | 4048 |
| Topical term or geographic name as entry element | CUMPLIMIENTO DE LA PENA |
| 773 0# - HOST ITEM ENTRY | |
| Host Biblionumber | 2658 |
| Host Itemnumber | 3164 |
| Title | Revista de derecho penal y criminología. Nº 1 - Febrero 2024 |
| Place, publisher, and date of publication | Ciudad Autónoma de Buenos Aires : Thomson Reuters La Ley, 2017- |
| International Standard Serial Number | 00347914 |
| 942 ## - ADDED ENTRY ELEMENTS (KOHA) | |
| Source of classification or shelving scheme | |
| Koha item type | Analítica Artículo de Revista |
No hay ítems disponibles.
